An expert determination code for Scotland (Record no. 109975)

MARC details
000 -LEADER
fixed length control field 01031cad a22002175a 4500
001 - CONTROL NUMBER
control field E148250
008 - FIXED-LENGTH DATA ELEMENTS--GENERAL INFORMATION
fixed length control field 090824e20080611xxk f 000 0 eng d
035 ## - SYSTEM CONTROL NUMBER
System control number (Sirsi) u148250
041 0# - LANGUAGE CODE
Language code of text/sound track or separate title eng
050 04 - LIBRARY OF CONGRESS CALL NUMBER
Classification number 347.4207 $2 18
100 1# - MAIN ENTRY--PERSONAL NAME
Personal name Malone, Brandon J.
245 03 - TITLE STATEMENT
Title An expert determination code for Scotland
Medium [electronic resource]
260 ## - PUBLICATION, DISTRIBUTION, ETC.
Place of publication, distribution, etc. [S.l.]
Name of publisher, distributor, etc. [s.n.]
Date of publication, distribution, etc. 2008
520 ## - SUMMARY, ETC.
Summary, etc. Discusses proposals for a standard code for expert determination, the aim of which is to provide a 'default' position, so that if parties do not specifically negotiate an expert's powers, but they have agreed that the code will be used, the powers of the expert will be clearly defined.
521 ## - TARGET AUDIENCE NOTE
Target audience note Advanced
590 ## - LOCAL NOTE (RLIN)
Local note KA
651 #4 - SUBJECT ADDED ENTRY--GEOGRAPHIC NAME
Geographic name Scotland
Chronological subdivision 1999-
690 ## - LOCAL SUBJECT ADDED ENTRY--TOPICAL TERM (OCLC, RLIN)
Topical term or geographic name as entry element MANAGEMENT-DISPUTE AVOIDANCE, MANAGEMENT AND RESOLUTION-DISPUTE MANAGEMENT AND RESOLUTION
856 40 - ELECTRONIC LOCATION AND ACCESS
Uniform Resource Identifier <a href="https://www.ciarb.org/scotland/downloads/an_expert_determination_code_for_scotland.pdf">https://www.ciarb.org/scotland/downloads/an_expert_determination_code_for_scotland.pdf</a>
Public note View the article free of charge at www.ciarb.org/scotland
942 ## - ADDED ENTRY ELEMENTS (KOHA)
Suppress in OPAC 0
Holdings
Withdrawn status Lost status Source of classification or shelving scheme Damaged status Not for loan Home library Current library Shelving location Date acquired Total Checkouts Full call number Barcode Date last seen Copy number Price effective from Koha item type
    Dewey Decimal Classification     Virtual Virtual Online 24/08/2009   ONLINE PUBLICATION 148250-2001 06/08/2019 1 06/08/2019 Book